|
|
|
|
| LEADER |
00676nab a2200193 i 4500 |
| 001 |
publ3869 |
| 005 |
20180912082830.0 |
| 008 |
140109s2013 hu o 0|| zxx d |
| 022 |
|
|
|a 1617-9447
|
| 024 |
7 |
|
|a 10.1007/s40315-013-0028-9
|2 doi
|
| 024 |
7 |
|
|a 2480690
|2 mtmt
|
| 040 |
|
|
|a SZTE Publicatio Repozitórium
|b hun
|
| 041 |
|
|
|a zxx
|
| 100 |
1 |
|
|a Totik Vilmos
|
| 245 |
1 |
2 |
|a A note on rational Lp approximation on Jordan curves
|h [elektronikus dokumentum] /
|c Totik Vilmos
|
| 260 |
|
|
|a Heldermann
|c 2013
|
| 300 |
|
|
|a 425-431
|
| 490 |
0 |
|
|a Computational Methods and Function Theory
|v 13 No. 3
|
| 856 |
4 |
0 |
|u http://publicatio.bibl.u-szeged.hu/3869/1/rationalapproximation.pdf
|z Dokumentum-elérés
|